[Event "Nuremberg-ch op 02nd"]
[Site "Nuremberg"]
[Date "2002.06.23"]
[Round "4"]
[White "Titze, Karsten"]
[Black "Stauber, Jessica"]
[Result "1-0"]
[WhiteElo "1594"]
[BlackElo "1349"]
[PlyCount "63"]
[EventDate "2002.06.21"]
[EventType "swiss"]
[EventRounds "5"]
[EventCountry "GER"]
[SourceTitle "EXT 2006"]
[Source "ChessBase"]
[SourceDate "2005.11.24"]
[SourceVersion "1"]
[SourceVersionDate "2005.11.24"]
[SourceQuality "1"]

1. Nc3 g6 2. e4 b6 3. Bc4 e6 4. Nge2 Bg7 5. 0-0 Bb7 6. d3 d6 7. Be3 Ne7 8. Bd2 h6 9. f4 0-0 10. Qe1 Kh7 11. g4 Nd7 12. g5 h5 13. Qh4 Qe8 14. Nb5 Qc8 15. Ng3 a6 16. Nxh5 gxh5 17. Qxh5+ Kg8 18. f5 exf5 19. exf5 Nxf5 20. Rxf5 Ne5 21. g6 Nxg6 22. Bxf7+ Rxf7 23. Rxf7 Kxf7 24. Rf1+ Kg8 25. Qxg6 Qd7 26. Nd4 Rf8 27. Rxf8+ Kxf8 28. Ne6+ Ke7 29. Nxg7 Kf8 30. Ne6+ Qxe6 31. Qxe6 Bd5 32. Bh6# 1-0

[Event "Nuremberg-ch op 02nd"]
[Site "Nuremberg"]
[Date "2002.06.22"]
[Round "3"]
[White "Stauber, Jessica"]
[Black "Thoma, Dirk"]
[Result "0-1"]
[WhiteElo "1349"]
[BlackElo "1441"]
[PlyCount "82"]
[EventDate "2002.06.21"]
[EventType "swiss"]
[EventRounds "5"]
[EventCountry "GER"]
[SourceTitle "EXT 2006"]
[Source "ChessBase"]
[SourceDate "2005.11.24"]
[SourceVersion "1"]
[SourceVersionDate "2005.11.24"]
[SourceQuality "1"]

1. g3 d5 2. b3 Bf5 3. d3 Nf6 4. Bg2 c6 5. Bb2 e6 6. e3 Bb4+ 7. Nd2 Nbd7 8. Ne2 0-0 9. h3 Re8 10. 0-0 h6 11. Kh2 Bd6 12. c4 Bxd3 13. cxd5 Bxe2 14. Qxe2 exd5 15. Qd3 Nc5 16. Qc3 Ncd7 17. Rae1 Qb6 18. e4 Bb4 19. Qc2 Bxd2 20. Qxd2 dxe4 21. Bxe4 Rad8 22. Bg2 Nf8 23. Qc3 Ne6 24. Kg1 Qa6 25. a3 Rd3 26. Qb4 b5 27. Bxf6 gxf6 28. Qg4+ Kf8 29. Qe4 Rxb3 30. Qxc6 Qxc6 31. Bxc6 Rd8 32. Ra1 Rd6 33. Rfc1 Rd2 34. a4 b4 35. Bb5 Rbb2 36. Rf1 Ng5 37. Kg2 Ne4 38. Kf3 Nxf2 39. h4 Rb3+ 40. Kf4 Rd4+ 41. Kf5 Rf3# 0-1

[Event "Nuremberg-ch op 02nd"]
[Site "Nuremberg"]
[Date "2002.06.21"]
[Round "1"]
[White "Stauber, Jessica"]
[Black "Wettermann, Bernd"]
[Result "0-1"]
[WhiteElo "1269"]
[BlackElo "1716"]
[PlyCount "64"]
[EventDate "2002.06.21"]
[EventType "swiss"]
[EventRounds "5"]
[EventCountry "GER"]
[SourceTitle "EXT 2006"]
[Source "ChessBase"]
[SourceDate "2005.11.24"]
[SourceVersion "1"]
[SourceVersionDate "2005.11.24"]
[SourceQuality "1"]

1. g3 e5 2. b3 d5 3. Bb2 Nc6 4. Bg2 Nf6 5. e3 Bd6 6. d3 Be6 7. Ne2 0-0 8. h3 Qd7 9. Nd2 Rad8 10. c4 Bb4 11. Bc3 Bxc3 12. Nxc3 dxc4 13. dxc4 Qd3 14. Nde4 Nxe4 15. Qxd3 Rxd3 16. Nxe4 Nb4 17. 0-0 b6 18. c5 Rfd8 19. cxb6 cxb6 20. Rfc1 h6 21. Kh2 f5 22. Nc3 Rd2 23. f4 e4 24. Rd1 Rxd1 25. Nxd1 Rd2 26. Nc3 Rd3 27. Rc1 Rxe3 28. Bf1 Nd3 29. Rc2 Re1 30. Bxd3 exd3 31. Rd2 Bd5 32. Rxd3 Rh1# 0-1

[Event "Nuremberg-ch op 01st"]
[Site "Nuremberg"]
[Date "2001.06.03"]
[Round "4"]
[White "Stauber, Jessica"]
[Black "Goetzel, Alfred"]
[Result "1/2-1/2"]
[WhiteElo "1320"]
[BlackElo "1741"]
[PlyCount "41"]
[EventDate "2001.06.01"]
[EventType "swiss"]
[EventRounds "5"]
[EventCountry "GER"]
[SourceTitle "EXT 2003"]
[Source "ChessBase"]
[SourceDate "2002.11.25"]
[SourceVersion "1"]
[SourceVersionDate "2002.11.25"]
[SourceQuality "1"]

1. b3 Nf6 2. g3 g6 3. Bb2 Bg7 4. Bg2 0-0 5. d3 d5 6. e3 c5 7. Ne2 b6 8. h3 Bb7 9. 0-0 Nbd7 10. Nd2 Qc7 11. d4 Rac8 12. Rc1 Rfe8 13. Nf4 e5 14. dxe5 Nxe5 15. Nf3 Nxf3+ 16. Qxf3 Re7 17. Bxf6 Bxf6 18. Nxd5 Bxd5 19. Qxd5 Rd8 20. Qc4 Red7 21. Qg4 1/2-1/2

[Event "Nuremberg-ch op 01st"]
[Site "Nuremberg"]
[Date "2001.06.03"]
[Round "5"]
[White "Weissmann, Peter"]
[Black "Stauber, Jessica"]
[Result "1-0"]
[WhiteElo "1689"]
[BlackElo "1320"]
[PlyCount "94"]
[EventDate "2001.06.01"]
[EventType "swiss"]
[EventRounds "5"]
[EventCountry "GER"]
[SourceTitle "EXT 2003"]
[Source "ChessBase"]
[SourceDate "2002.11.25"]
[SourceVersion "1"]
[SourceVersionDate "2002.11.25"]
[SourceQuality "1"]

1. e4 b6 2. d4 Bb7 3. Bd3 g6 4. f4 Bg7 5. Nf3 e6 6. 0-0 d6 7. Be3 Ne7 8. c4 h6 9. Nc3 0-0 10. Qc2 Nd7 11. g4 f5 12. g5 h5 13. e5 dxe5 14. dxe5 Kh7 15. Rad1 Nc6 16. a3 Qe7 17. h4 Rad8 18. b4 a6 19. Rd2 Ncb8 20. Be2 c5 21. b5 axb5 22. Nxb5 Nc6 23. Rd6 Rfe8 24. Rfd1 Bf8 25. R1d2 Qf7 26. Qd1 Ncb8 27. Ne1 Ba6 28. Nc7 Bxd6 29. Nxe8 Bxe5 30. Nd6 Bxd6 31. Rxd6 Bb7 32. Rxb6 Nxb6 33. Qxd8 N8d7 34. Qc7 Be4 35. Bxc5 Na4 36. Bd4 Qe7 37. Bf6 Qc5+ 38. Qxc5 Naxc5 39. Be7 Nb7 40. Nf3 Kg8 41. Ne5 Nxe5 42. fxe5 Na5 43. Bb4 Nc6 44. Kf2 Nxe5 45. Ke3 Nc6 46. Bc3 e5 47. a4 f4+ 1-0

[Event "Nuremberg-ch op 01st"]
[Site "Nuremberg"]
[Date "2001.06.02"]
[Round "2"]
[White "Doerfler, Christian"]
[Black "Stauber, Jessica"]
[Result "1-0"]
[WhiteElo "1606"]
[BlackElo "1331"]
[PlyCount "63"]
[EventDate "2001.06.01"]
[EventType "swiss"]
[EventRounds "5"]
[EventCountry "GER"]
[SourceTitle "EXT 2003"]
[Source "ChessBase"]
[SourceDate "2002.11.25"]
[SourceVersion "1"]
[SourceVersionDate "2002.11.25"]
[SourceQuality "1"]

1. e4 g6 2. d4 b6 3. f4 d6 4. Nf3 Bg7 5. c3 e6 6. Bd3 Bb7 7. 0-0 Ne7 8. Be3 h6 9. Nbd2 0-0 10. Qe2 Kh7 11. g4 f5 12. h3 Nd7 13. Rf2 Nf6 14. gxf5 exf5 15. e5 Ne4 16. Bxe4 Bxe4 17. Nxe4 fxe4 18. Nh2 Qd7 19. Qg4 Qxg4+ 20. hxg4 d5 21. Raf1 Rf7 22. f5 gxf5 23. gxf5 Bf8 24. f6 Nf5 25. Rxf5 Re8 26. b3 Kg6 27. c4 c6 28. R5f2 h5 29. Rg2+ Kh7 30. Rf5 Bh6 31. Rxh5 Rg8 32. Rxh6# 1-0